| 000 | 00538nam a2200181 a 4500 | ||
|---|---|---|---|
| 001 | 5626 | ||
| 003 | CDMR | ||
| 005 | 20130313132121.0 | ||
| 008 | 130130s2000||||||||||||||||||||||||||||d | ||
| 020 | _a8439350880 | ||
| 040 |
_aCDMR _bcat _cCPC LLEIDA |
||
| 245 | 0 | 0 | _aTon Sirera |
| 260 |
_a[Barcelona] _bGeneralitat de Catalunya, Departament de Cultura |
||
| 260 |
_a[Lleida] _c2000 _bPatronat Municipal Museu d'Art Jaume Morera |
||
| 500 | _aCatàleg de l'exposició | ||
| 711 | 2 |
_93021 _aPrimavera Fotogràfica _d2000 _n10a |
|
| 942 |
_cMON _2ddc |
||
| 999 |
_c5626 _d5626 |
||